000 01565nam0a2200325 i 4500
001 RU\NLR\BIBL_A\011103462
005 20241114181644.0
010 _a9785767722082
_9150
021 _aRU
_b2016-24665
_91567
035 _a(NILC)RuMoRGB-008260127
035 _a(NLR Aleph) 011103462
090 _a11433142
_c11433142
100 _a20160415d2015 um y0rusy50 ca
101 0 _arus
102 _aRU
105 _ay|||z|||000yy
200 1 _aПедагогика высшей школы
_eконспект лекций
_fИ. А. Чемерилова
_gМ-во образования и науки Российской Федерации, Федеральное гос. бюджетное образовательное учреждение высш. проф. образования "Чувашский гос. ун-т им. И. Н. Ульянова"
210 _aЧебоксары
_cИзд-во Чувашского университета
_d2015
215 _a79, [1] с.
_d20
320 _aБиблиогр.: с. 79 (11 назв.)
606 _aПедагогика
_jУчебные издания
_xПреподавание
_xВысшая школа
_92156591
_3RU\NLR\AUTH\661298251
610 0 _aвысшее образование
675 _a378
686 1 _aЧ486.63я7
700 1 _aЧемерилова
_bИ. А.
_cканд. пед. наук
_gИрина Альбертовна
_9151063
_3RU\NLR\AUTH\770151101
801 0 _aRU
_bРГБ
_c20160329
_gRCR
942 _cBOOK
980 _aNBR